College Football Matchups: NC State - Statistics

General Stats
  • This quiz has been taken 194 times
    25 since last reset
  • The average score is 12 of 16
Answer Stats
Games Opponent Subdivision % Correct
92 Clemson Power 4
100%
86 Duke Power 4
100%
115 North Carolina Power 4
100%
119 Wake Forest Power 4
100%
44 Florida State Power 4
95%
61 Virginia Power 4
95%
53 Virginia Tech Power 4
95%
34 East Carolina Group of 5
89%
33 Georgia Tech Power 4
89%
71 Maryland Power 4
89%
*19 Miami Power 4
84%
58 South Carolina Power 4
74%
20 Richmond FCS
37%
20 VMI FCS
37%
21 William & Mary FCS
37%
45 Davidson FCS
16%
No matching quizzes found
Score Distribution
Percent of People with Each Score
Percentile by Number Answered
Your Score History
You have not taken this quiz since the last reset